000 00350pab a2200133 454500
008 180718b xxu||||| |||| 00| 0 eng d
100 _aVohra B.B.
245 _aIrrigation projects: lost high, yeild low
362 _a10 Jun 1994, p.13
650 _a Irrigation -- India
650 _aAgriculture -- India
773 _aHindustan Times
909 _a26595
999 _c26595
_d26595